Trading scheme to generate emissions cuts (Record no. 117499)
[ view plain ]
| 000 -LEADER | |
|---|---|
| fixed length control field | 01222cam a2200241 4500 |
| 001 - CONTROL NUMBER | |
| control field | WB4022-06 |
| 008 - FIXED-LENGTH DATA ELEMENTS--GENERAL INFORMATION | |
| fixed length control field | 040610n2004 000 0 eng u |
| 035 ## - SYSTEM CONTROL NUMBER | |
| System control number | (Sirsi) u126454 |
| 245 ## - TITLE STATEMENT | |
| Title | Trading scheme to generate emissions cuts |
| 260 ## - PUBLICATION, DISTRIBUTION, ETC. | |
| Date of publication, distribution, etc. | 2004 |
| 490 ## - SERIES STATEMENT | |
| Series statement | Environment Information Bulletin |
| Volume/sequential designation | (139) June 2004, 2(1) |
| 520 ## - SUMMARY, ETC. | |
| Summary, etc. | A new report from the National Audit Office "The UK emissions trading scheme: a new way to combat climate change", claims the UK emissions trading scheme has been successful in reducing the discharge of greenhouse gases. The scheme was launched in March 2002 by DEFRA to allow participants to buy and sell allowances to emit greenhouse gases, such as carbon dioxide. In its first year the 31 participants received incentive payments which reduced the total emissions by almost six times the target for the year. Copies of the report can be downloaded from http://www.nao.org.uk/pn/03-04/0304517.htm. |
| 590 ## - LOCAL NOTE (RLIN) | |
| Local note | WB |
| 590 ## - LOCAL NOTE (RLIN) | |
| Local note | WB |
| 650 ## - SUBJECT ADDED ENTRY--TOPICAL TERM | |
| Topical term or geographic name entry element | EMISSIONS TRADING SCHEME |
| 650 ## - SUBJECT ADDED ENTRY--TOPICAL TERM | |
| Topical term or geographic name entry element | CLIMATE CHANGE |
| 650 ## - SUBJECT ADDED ENTRY--TOPICAL TERM | |
| Topical term or geographic name entry element | GREENHOUSE GASES |
| 650 ## - SUBJECT ADDED ENTRY--TOPICAL TERM | |
| Topical term or geographic name entry element | CARBON DIOXIDE EMISSIONS |
| 650 ## - SUBJECT ADDED ENTRY--TOPICAL TERM | |
| Topical term or geographic name entry element | DEFRA |
| 650 ## - SUBJECT ADDED ENTRY--TOPICAL TERM | |
| Topical term or geographic name entry element | EMISSION LEVELS |
| 690 ## - LOCAL SUBJECT ADDED ENTRY--TOPICAL TERM (OCLC, RLIN) | |
| Topical term or geographic name as entry element | ENVIRONMENT |
| 9 (RLIN) | 6238 |
| 942 ## - ADDED ENTRY ELEMENTS (KOHA) | |
| Suppress in OPAC | 0 |
| Withdrawn status | Lost status | Source of classification or shelving scheme | Damaged status | Not for loan | Home library | Current library | Shelving location | Date acquired | Total Checkouts | Full call number | Barcode | Date last seen | Copy number | Price effective from | Koha item type |
|---|---|---|---|---|---|---|---|---|---|---|---|---|---|---|---|
| Dewey Decimal Classification | London | London | News article | 10/06/2004 | WB4022-06 | 126454-1001 | 06/08/2019 | 1 | 06/08/2019 | News article |